| 000 | 00834nam a2200241Ia 4500 | ||
|---|---|---|---|
| 999 |
_c45265 _d45265 |
||
| 001 | 12089 | ||
| 003 | GE_BSU | ||
| 005 | 20221118162907.0 | ||
| 008 | 181216s2008en xx |||||||||||||| ||eng|| | ||
| 020 | _a9780757581090x | ||
| 040 | _cGE_BSU | ||
| 041 | _aeng | ||
| 080 | _a658 C-69 | ||
| 100 |
_aCollins, Calen R. _915941 |
||
| 245 |
_aHospitality Information Technology: _b Learning How to Use It / _cCalen R. Collins, Cobanoglu Cihan |
||
| 250 | _a6 edition | ||
| 264 |
_aUSA : _bKendall Hunt Publishing, _c2008. |
||
| 300 |
_a418 p.: _bill.: _c24cm. |
||
| 653 | _aHospitality Information Technology: Learning How to Use It | ||
| 653 | _aსტუმართმოყვარეობის საინფორმაციო ტექნოლოგიები | ||
| 700 |
_aCihan, Cobanoglu _915942 |
||
| 942 |
_cBK _2udc |
||